| 000 | 00835nam a2200181 i 4500 | ||
|---|---|---|---|
| 001 | 166523 | ||
| 003 | ES-MaACL | ||
| 005 | 20250725063233.0 | ||
| 008 | 000426s1877 sp |||| | spa d | ||
| 040 |
_aCAM _bspa _cCAM |
||
| 100 | 1 |
_aTorres Muñoz de Luna, Ramón, _d1822-1890 _9133329 |
|
| 245 | 1 | 0 |
_aElementos de química general _b: para uso de los alumnos de Ciencias, Medicina, Farmacia, Ingenieros Industriales, Agrónomos, de Minas, etc., etc. / _cpor R. T. Muñoz de Luna. |
| 250 | _a4ª ed. notablemente aum. y corr. segun los ultimos adelantos de la ciencia. | ||
| 260 |
_aMadrid : _bLibrería de Sanchez, _c1877 ( _fImp. de la V. e hijas de A. Peñuelas) |
||
| 300 |
_a2 v. (575 p.; 695 p., [1] h. pleg. de lám.) : _bil. ; _c22 cm. |
||
| 852 |
_aES-MaACL _jB-1715-16 _z-- Enc. hol. |
||
| 999 |
_c166523 _d166523 |
||